Finančná a ekonomická kríza a dôsledky zlyhania corporate governance diplomová práca

Salvato in:
Dettagli Bibliografici
Autore principale: Rajtar, Matúš
Ente Autore: Obchodná fakulta EU. Katedra medzinárodného obchodu
Altri autori: Knapik, Peter
Natura: Libro
Lingua:slovacco
Pubblicazione: Bratislava 2014
Tags: Aggiungi Tag
Nessun Tag, puoi essere il primo ad aggiungerne!!

MARC

LEADER 00000nbm a2200000 4500
001 0186240
005 20170201095632.5
041 0 |a slo 
044 |a SK 
245 1 0 |a Finančná a ekonomická kríza a dôsledky zlyhania corporate governance  |b diplomová práca  |c Matúš Rajtar ; školiteľ: Peter Knapik 
264 1 |a Bratislava  |c 2014 
300 |a 57 s. 
100 1 |a Rajtar, Matúš 
700 1 |a Knapik, Peter 
710 2 |a Obchodná fakulta EU. Katedra medzinárodného obchodu